| 000 | 00601nam a2200145 4500 | ||
|---|---|---|---|
| 020 | _a0403003784 | ||
| 082 | 0 | 0 |
_a962 _bJOOH _cD |
| 100 | 1 |
_aJohnston, Harry Hamilton, _950107 |
|
| 245 | 1 | 4 |
_aThe Nile quest; _ba record of the exploration of the Nile and its basin. _cWith illus. from drawings and photos. by the author and others. With maps by J. G. Bartholomew. New York, F. A. Stokes Co. |
| 260 |
_aDetroit, _bNegro History Press _c[1970? c1903] |
||
| 300 |
_axv, 341 p. _billus., facsims., maps, ports. _c22 cm. |
||
| 526 |
_a0 _b0 _c0 _d962_000000000000000_JOOH |
||
| 650 |
_aMCE _9379 |
||
| 942 |
_2ddc _cBK |
||
| 999 |
_c552849 _d552849 |
||